00404nam a2200121 a 450000100100000000500170001000800410002704000250006811000760009324500490016926000390021830000250025700003195620200930063318.0110707s1994 dr 000 0 spa d aDO-SdBNPbspacBNPHU2 aSecretaría de Estado de Deportes, Educación Física y Recreación10aCampaña para la salud :bandar y correr /. a[Santo Domingo] :bSEDEFIR,c1994. a7 p. :bil. ;c1994.